| 000 | 00776nam a2200265Ia 4500 | ||
|---|---|---|---|
| 001 | Para_138 | ||
| 003 | CHAP | ||
| 008 | 220125s1989 xx 000 0 und d | ||
| 010 | _a198988 | ||
| 040 | _cCHAP | ||
| 090 | _aPA FOLLETO 3107 | ||
| 100 |
_aGorayeb, I.S. _9164294 |
||
| 245 |
_aDescriptionn of the male, female, larva and pura of catachlorops (Psalidia) Balioptera N. Sp. (Diptera : _b Tabanidae) / _c by I.S. Gorayeb, [et. al] |
||
| 260 |
_aBelem-Pará : _b Museu paraense Emilio G. |
||
| 300 | _aV. | ||
| 410 | _aZoología; 5:2 | ||
| 650 |
_aDipteros _933715 |
||
| 901 | _aPA FOLLETO 3107 | ||
| 902 | _aA | ||
| 905 | _a0000001989 0000000000 00 | ||
| 910 | _a1989 | ||
| 942 | _cPARA | ||
| 942 |
_cPARA _d1 |
||
| 999 |
_c198988 _d198988 |
||